000 00405nam a2200133 a 4500
005 20140414093841.0
008 090511s19uu xx 00 eng d
050 _aDVD 370
_bCOM 2005
245 _aThe Common sense of differentiation :
_bmeeting specific learner needs in the regular classroom.
260 _aUSA :
_bASCD.
650 _aCurriculum
_xStudy and teaching.
942 _cAVM
999 _c109323
_d109323